Impact of the baby boom on career success in federal civil service (Record no. 5859)

000 -LEADER
fixed length control field 00423pab a2200157 454500
008 - FIXED-LENGTH DATA ELEMENTS--GENERAL INFORMATION
fixed length control field 180718b1988 xxu||||| |||| 00| 0 eng d
100 ## - MAIN ENTRY--PERSONAL NAME
Personal name Lewis, Gregory B.
245 ## - TITLE STATEMENT
Title Impact of the baby boom on career success in federal civil service
260 ## - PUBLICATION, DISTRIBUTION, ETC.
Date of publication, distribution, etc. 1988
300 ## - PHYSICAL DESCRIPTION
Extent 951-6
362 ## - DATES OF PUBLICATION AND/OR SEQUENTIAL DESIGNATION
Dates of publication and/or sequential designation Nov.-Dec.
650 ## - SUBJECT ADDED ENTRY--TOPICAL TERM
Topical term or geographic name entry element Civil Service - U.S.A.
700 ## - ADDED ENTRY--PERSONAL NAME
Personal name Meesuny Ha
773 ## - HOST ITEM ENTRY
Main entry heading Public Administration Review
909 ## -
-- 5859
Holdings
Withdrawn status Lost status Damaged status Not for loan Permanent Location Current Location Date acquired Serial Enumeration / chronology Barcode Date last seen Price effective from Koha item type
        Indian Institute of Public Administration Indian Institute of Public Administration 2018-07-19 Volume no: 48, Issue no: 6 AR5866 2018-07-19 2018-07-19 Articles

Powered by Koha